| 000 | 00734nam a22002297a 4500 | ||
|---|---|---|---|
| 003 | DO-SdBNP | ||
| 005 | 20171208150735.0 | ||
| 008 | 171026b 2012|||| |||| 00| 0 spa d | ||
| 020 | _a9788498008104 | ||
| 040 |
_aBPMSU _bspa _cBPMSU |
||
| 100 | 1 | _aDesrochers, Lisa | |
| 245 | 1 |
_aPecado original / _cLisa desrochers ; traducción María Vall Personat |
|
| 260 |
_aMadrid : _bLa factoría de ideas ; _c2012. |
||
| 300 |
_a287 p. ; _c23 cm. |
||
| 490 | 1 |
_aDemonios personales _v2 |
|
| 500 | _aIncluye datos personales del autor en las solapas | ||
| 700 | 1 |
_aVall Personat, María, _etr. |
|
| 830 | 0 |
_aDemonios personales _n2 |
|
| 942 |
_2ddc _cBK |
||
| 945 | _aInventariado extranjero / 2017 YL | ||
| 956 |
_aBTAVAREZ _b10 _c20172610 _d0038 |
||
| 999 |
_c12703 _d12703 |
||